| 000 | 00669nam a2200241 a 4500 | ||
|---|---|---|---|
| 001 | 0001-1152 | ||
| 003 | ELIB.Books | ||
| 008 | 150506 2010 eng | ||
| 020 | _a066425361X | ||
| 035 | _a(ELIB.Books)0001-1307 | ||
| 092 |
_a227 _bAag |
||
| 100 | _aAageson, James W. | ||
| 245 |
_aWritten Also for Our Sake: _bPaul and the Art of Biblical Interpretation |
||
| 260 |
_aLouisville _bWestminster/ John Knox Press _c1993 |
||
| 300 |
_a136 _c23 Cm |
||
| 500 | _aC/o Moe Lwei | ||
| 650 | _aNew Testament, Epistles | ||
| 856 |
_nKBTS: Library _uKBTS: Elib |
||
| 942 |
_2ddc _cBK |
||
| 990 | _a1 | ||
| 998 |
_cbat _e2015-05-06 |
||
| 999 |
_c11152 _d11152 |
||